| 000 | 00970nas a2200313 4500 | ||
|---|---|---|---|
| 001 | BR2013007380 | ||
| 003 | BR-BrBNA | ||
| 005 | 20231205122921.0 | ||
| 007 | ta | ||
| 008 | 230509b bl.|||p| |||| 00| 00por d | ||
| 040 |
_aBR-BrBNA _bpor _cBiblioteca Nacional de Agricultura |
||
| 041 | _a(Pt) | ||
| 072 | _aL02 | ||
| 100 | 1 | _aRibeiro, G.M. | |
| 100 | 1 | _aHenrique, W. | |
| 100 | 1 | _aLeme, P.R. | |
| 100 | 1 | _aLanna, D.P.D. | |
| 100 | 1 | _aAlleoni, G.F. | |
| 100 | 1 | _aSampaio, A.A.M. | |
| 245 | 1 | _aExigências líquidas de energia e proteína de tourinhos Santa Gertrudes confinados, recebendo alto concentrado | |
| 650 | _aBOVINO | ||
| 650 | _aPROTEÍNA | ||
| 650 | _aDIETA | ||
| 650 | _aGANHO DE PESO | ||
| 650 | _aCOMPOSIÇÃO QUÍMICA | ||
| 773 | 0 |
_tArquivo Brasileiro de Medicina Veterinária e Zootecnia (Brazil) _xISSN 0102-0935 _g(Apr 2013), v. 65(2) p. 439-446 _wBR2013007380 |
|
| 909 |
_a202311 _bLúcia _c55 _dLúcia Elande |
||
| 942 |
_2AGRIS _n0 _cANA |
||
| 999 |
_c231253 _d231253 |
||